| 000 | 01212nam a2200301 i 4500 | ||
|---|---|---|---|
| 003 | EG-GICUC | ||
| 005 | 20260326164800.0 | ||
| 008 | 260326s1987 ti ||||fr|||| 00| 0 ara d | ||
| 040 |
_a EG-GICUC _bara _c EG-GICUC _d EG-GICUC _erda |
||
| 041 | _aara | ||
| 082 | 0 | 4 |
_221 _a343.10611 _bج م .ا |
| 092 | 0 | 4 | _221 |
| 099 | _aLaw1 10 343.10611 ج م . ا 1987 | ||
| 110 | 2 |
_aالجمعية التونسية للقانون الجنائي _cتونس _d1987 |
|
| 245 | 1 | 2 |
_aالقانون الجنائي الڤمرڤي / _cالجمعية التونسية للقانون الجنائي. |
| 264 | 1 |
_aتونس : _bلا يوجد مكان نشر، _c1987. |
|
| 300 |
_a143 صفحة ; _c24 سم. |
||
| 336 |
_2rda content _atext |
||
| 337 |
_2rda media _aComputer |
||
| 338 |
_2rda carrier _aOnline Resource |
||
| 504 | _aيشتمل على إرجاعات ببليوجرافية. | ||
| 546 | _aالنص أغلبه باللغة العربية مع بعض النصوص الفرنسية | ||
| 650 | 1 |
_aالقانون الجنائي _zتونس |
|
| 650 | 1 | _aقانون العقوبات - القسم العام | |
| 856 | 4 | 0 | _uhttps://fll.law.cu.edu.eg/fulltext/bks/B10-08275.pdf |
| 905 | _a43 | ||
| 942 |
_2ddc _n0 _cBK _e21 |
||
| 999 |
_c67004 _d67004 |
||